| 000 | 00437nam a2200133Ia 4500 | ||
|---|---|---|---|
| 008 | 220217s9999 xx 000 0 und d | ||
| 245 | 0 | _aMethods of test for natural rubber. Part 4. determination of total copper [NR: 4] (Second Revision) | |
| 260 | _aNew Delhi | ||
| 260 |
_c1988 _bBureau of Indian Standards |
||
| 490 | _aIndian Standard | ||
| 500 | _aStandard number: IS 3660 (Part 4) | ||
| 650 | _aCopper determination | ||
| 942 | _cST | ||
| 999 |
_c73713 _d73713 |
||